The complete etchings of Rembrandt. (Record no. 588)
[ view plain ]
| 000 -LEADER | |
|---|---|
| fixed length control field | 01147nam a2200289 4500 |
| 005 - DATE AND TIME OF LATEST TRANSACTION | |
| control field | 20260322212026.0 |
| 008 - FIXED-LENGTH DATA ELEMENTS--GENERAL INFORMATION | |
| fixed length control field | data |
| 010 ## - LIBRARY OF CONGRESS CONTROL NUMBER | |
| LC control number | 70093396 |
| 040 ## - CATALOGING SOURCE | |
| Original cataloging agency | DLC |
| Transcribing agency | DLC |
| Modifying agency | DLC |
| 050 00 - LIBRARY OF CONGRESS CALL NUMBER | |
| Classification number | NE2165.R5 |
| Item number | H3 1970 |
| 082 00 - DEWEY DECIMAL CLASSIFICATION NUMBER | |
| Classification number | 769/.924 |
| 092 ## - LOCALLY ASSIGNED DEWEY CALL NUMBER (OCLC) | |
| Classification number | 769 H3 1970 |
| 001 - CONTROL NUMBER | |
| control field | data |
| 245 04 - TITLE STATEMENT | |
| Title | The complete etchings of Rembrandt. |
| Statement of responsibility, etc. | edited by Rembrandt Harmenszoon van Rijn ... [et al.]. |
| 260 ## - PUBLICATION, DISTRIBUTION, ETC. | |
| Place of publication, distribution, etc. | [New York] |
| Name of publisher, distributor, etc. | Bounty Books |
| Date of publication, distribution, etc. | [1970] |
| 300 ## - PHYSICAL DESCRIPTION | |
| Extent | 251 p. (p. 33-228, 231-250 illus.) |
| Dimensions | 32 cm. |
| 500 ## - GENERAL NOTE | |
| General note | "A rambling story; Van Dongen here recounts the life of Rembrandt and writes, in this connection, about Holland, women, and art": p. [11]-31. |
| 504 ## - BIBLIOGRAPHY, ETC. NOTE | |
| Bibliography, etc. note | Bibliography: p. 251. |
| 700 1# - ADDED ENTRY--PERSONAL NAME | |
| Personal name | Rembrandt Harmenszoon van Rijn, |
| Dates associated with a name | 1606-1669. |
| 700 1# - ADDED ENTRY--PERSONAL NAME | |
| Personal name | Harris, Bruce S., |
| Relator term | ed. |
| 700 1# - ADDED ENTRY--PERSONAL NAME | |
| Personal name | Harris, Seena, |
| Relator term | ed. |
| 700 1# - ADDED ENTRY--PERSONAL NAME | |
| Personal name | Getlein, Frank. |
| 700 1# - ADDED ENTRY--PERSONAL NAME | |
| Personal name | Dongen, Kees van, |
| Dates associated with a name | 1877-1968. |
| Title of a work | Van Dongen raconte ici la vie de Rembrandt. English. Selections 1970. |
| 906 ## - LOCAL DATA ELEMENT F, LDF (RLIN) | |
| a | 7 |
| b | cbc |
| c | orignew |
| d | u |
| e | ncip |
| f | 19 |
| g | y-gencatlg |
| 991 ## - | |
| -- | c-GenColl |
| -- | NE2165.R5 |
| -- | H3 1970 |
| -- | Copy 1 |
| -- | BOOKS |
| 991 ## - | |
| -- | c-GenColl |
| -- | NE2165.R5 |
| -- | H3 1970 |
| -- | 00033711116 |
| -- | Copy 2 |
| -- | CCF |
| Withdrawn status | Lost status | Damaged status | Not for loan | Home library | Current library | Shelving location | Date acquired | Total checkouts | Full call number | Barcode | Date last seen | Price effective from | Koha item type |
|---|---|---|---|---|---|---|---|---|---|---|---|---|---|
| Centerville | Centerville | General stacks | 22/03/2026 | 769/.924 | BC0010603 | 22/03/2026 | 22/03/2026 | Books |